| 000 | 01383cad a2200277 4500 | ||
|---|---|---|---|
| 001 | L158898 | ||
| 008 | 100215n2013 000 0 eng u | ||
| 020 | _a9781783210305 | ||
| 035 | _a(Sirsi) u158898 | ||
| 041 | _aeng | ||
| 100 | 1 | _aVisscher, Henk | |
| 111 | 2 |
_aConstruction and Building Research Conference _cIIT Delhi, New Delhi _d10-12 September 2013 |
|
| 245 | 0 | 0 |
_aEnergy performance regulations and certification _bTheory and practice _h[electronic resource] |
| 260 |
_aLondon _bRICS _c2013 |
||
| 490 | 0 |
_aCOBRA _v2013 |
|
| 520 | _aA paper presented at the COBRA Conference in New Delhi on 10-12 September 2013. Reflects on governmental policies to develop and strengthen energy performance regulations for new buildings and energy performance certificates for the building stock. The goals are to build net zero energy buildings in 2020 and to reach a neutral energy situation in the whole stock by 2050. Research delivers signals that, although technically feasible, actual results of the policies and regulations are not as expected. | ||
| 650 | 2 | 4 | _aCONSTRUCTION AND BUILDING RESEARCH CONFERENCE (COBRA) |
| 650 | 2 | 4 | _aENERGY PERFORMANCE CERTIFICATES |
| 650 | 2 | 4 | _aDIRECTIVE 2002/91/EC |
| 650 | 2 | 4 | _aPOST OCCUPANCY EVALUATION |
| 651 | 4 | _aEUROPEAN UNION | |
| 690 |
_aSustainability _96271 |
||
| 700 | 1 | _aMajcen, Dasa | |
| 700 | 1 | _aItard, Laure | |
| 942 | _n0 | ||
| 999 |
_c115576 _d115576 |
||